000 00661nam a2200205 4500
001 119193
003 ES-MaACL
007 t|
008 070214s1955 sp r ||||1| spa d
100 1 _aPicón Salas, Mariano.
_991879
245 1 0 _aComprensión de Venezuela /
_cMariano Picón Salas ; prólogo de Hernando Téllez.
250 _aNueva ed., corr. y aum.
260 _aMadrid :
_bAguilar,
_c1955.
300 _a607 p., 1 lám. = retr. aut. ;
_c12 cm.
490 1 _aCol. de Autores Venezolanos
700 1 _aTéllez, Hernando.
_9109630
830 0 _aCol. de Autores Venezolanos
_9218581
852 _aES-MaACL
_jG-1907
_bR.38429
999 _c119193
_d119193